000 00559nam a22002057a 4500
003 OSt
005 20151116131353.0
008 151116b xxu||||| |||| 00| 0 eng d
020 _a0340813148
040 _cDLMN.
082 _aWY105D4931 2005.
100 _aEdited by Baillie,Lesley.
_96171
245 _aDeveloping Practical Nursing Skills.
250 _a2nd ed
260 _aLondon
_bArnold Hodder.
_c2005
300 _axvii,539p;
_bcol,ill;
_c38cm
504 _areferences and index are included.
650 _aNursing skills.
_96082
942 _2z
_cSLOAN
999 _c2576
_d2576